| 000 | 00594nam a22001817a 4500 | ||
|---|---|---|---|
| 008 | 100114c1970 nyu|||||d|||| 00| 0 eng d | ||
| 022 | _a0004-2323 | ||
| 082 |
_222 _a305.89199 _bARM |
||
| 245 | _aArmenian digest | ||
| 260 |
_aNew York: _c1970- |
||
| 300 |
_a v.: _bill.; _c26 cm. |
||
| 310 | _aMonthly | ||
| 500 | _aDonated by: Alaa Abdel Ghany | ||
| 505 | _aVol.1, 1970-1971 | ||
| 650 |
_910328 _aArmenian _v-- Periodicals |
||
| 942 |
_2ddc _cJOURNAL |
||
| 999 |
_c13128 _d13128 |
||